000 00689nas a2200241 4500
001 BR6900728
003 BR-BrBNA
005 20231205082302.0
007 ta
008 230509b bl.|||p| |||| 00| 00por d
040 _aBR-BrBNA
_bpor
_cBiblioteca Nacional de Agricultura
041 _a(Pt)
072 _aP33
100 1 _aCatani, R.A.
100 1 _aAlonso, O.
245 1 _aExtracao do aluminio trocavel e o ph do solo
650 _aPH
650 _aSOLO
650 _aALUMINIO
773 0 _tAnais da Escola Superior de Agricultura Luiz de Queiroz (Brazil)
_xISSN 0071-1276
_g(1969), v. 26 p. 21-29
_wBR6900728
909 _a202311
_bLúcia
_c55
_dLúcia Elande
942 _2AGRIS
_n0
_cANA
999 _c90588
_d90588